| 000 | 00383cam a2200157ua 4500 | ||
|---|---|---|---|
| 041 |
_aeng _h |
||
| 082 |
_a690 _bGIB/BU |
||
| 100 | _aGibbins, S C . | ||
| 245 |
_aBuilding Science III / _cS C Gibbins. _hTextual Documents |
||
| 250 |
_a1 / _b. |
||
| 260 |
_aLondon : _bSir Isaac Pitman & Sons Ltd , _c1950. |
||
| 300 | _a149 ; . | ||
| 504 | _a | ||
| 942 | _cBK | ||
| 999 |
_c3233 _d3233 |
||